000 00515nam a2200181Ia 4500
003 GCL
008 140319s9999 xx 000 0 ara d
040 _aGCL /
_cGCL
082 0 4 _a813.01
_bم خ
100 1 _aابراهيم عبدالقادر المازنى
245 1 0 _aخيوط العنكبوت /
_cابراهيم عبدالقادر المازنى
300 _a457 ص
490 _a
650 0 4 _aالادب العربى
650 0 4 _aالقصص العربية
650 0 4 _aالقصص
942 _2ddc
_cBK
999 _c45729
_d45729